[Event "CRO-ch U11"]
[Site "Trogir"]
[Date "2019.06.17"]
[Round "1"]
[White "Karakatic, Dominik"]
[Black "Zugec, David"]
[Result "1-0"]
[WhiteElo "1425"]
[BlackElo "1699"]
[PlyCount "91"]
[EventDate "2019.06.17"]
[EventType "swiss"]
[EventRounds "9"]
[EventCountry "CRO"]
[SourceTitle "EXT 2020"]
[Source "ChessBase"]
[SourceDate "2019.10.17"]
[SourceVersion "1"]
[SourceVersionDate "2019.10.17"]
[SourceQuality "1"]

1. e4 e5 2. Nf3 d6 3. d4 exd4 4. Nxd4 Nf6 5. Nc3 Be7 6. Bd3 a6 7. Be3 c5 8. Nf3 b5 9. b3 Nc6 10. h3 0-0 11. 0-0 Bb7 12. a3 Qa5 13. Nd5 Nxd5 14. exd5 Nd8 15. Be2 Bf6 16. Ra2 Re8 17. c4 bxc4 18. bxc4 Bc3 19. Bf4 Qb6 20. Qc2 Bf6 21. Rb1 Qc7 22. Bd3 g6 23. Bh6 Bg7 24. Bxg7 Kxg7 25. Qc3+ Kg8 26. Re1 Rxe1+ 27. Qxe1 Rb8 28. Re2 a5 29. Qa1 Qd7 30. Bc2 Ba6 31. Qc3 Nb7 32. h4 Qg4 33. Re7 Rd8 34. Qf6 Rf8 35. Ng5 Nd8 36. f3 Qxh4 37. Bd3 Bxc4 38. Bxc4 Qxc4 39. Rd7 Qxd5 40. Rxd8 Rxd8 41. Qxd8+ Kg7 42. Ne4 c4 43. Qf6+ Kg8 44. Nxd6 h6 45. Qd8+ Kg7 46. Ne8+ 1-0